Thành thạo ORACLE 9i : Quản trị cơ sở dữ liệu

Sách đề cập đến tất cả những kiến thức cần thiết từ mô hình dữ liệu, quản trị CSDL, sao lưu phục hồi, mạng và xử lý sự cố cũng như hiệu chỉnh hiệu suất thực thi..., với sự kết hợp lý thuyết và thực hành về điều mà Nhà quản t...

ver descrição completa

Na minha lista:
Detalhes bibliográficos
Autor principal: Nguyễn, Thiên Bằng
Formato: Livro
Idioma:Undetermined
Publicado em: Hà Nội Thống kê 2004
Assuntos:
Tags: Adicionar Tag
Sem tags, seja o primeiro a adicionar uma tag!
Thư viện lưu trữ: Trung tâm Học liệu Trường Đại học Cần Thơ
LEADER 01480nam a2200217Ia 4500
001 CTU_232215
008 210402s9999 xx 000 0 und d
020 |c 22000 
082 |a 005.3 
082 |b B116/T.1 
100 |a Nguyễn, Thiên Bằng 
245 0 |a Thành thạo ORACLE 9i : 
245 0 |b Quản trị cơ sở dữ liệu 
245 0 |c Nguyễn Thiên Bằng, Nguyễn Ngọc Minh, Hoàng Đức Hải 
260 |a Hà Nội 
260 |b Thống kê 
260 |c 2004 
520 |a Sách đề cập đến tất cả những kiến thức cần thiết từ mô hình dữ liệu, quản trị CSDL, sao lưu phục hồi, mạng và xử lý sự cố cũng như hiệu chỉnh hiệu suất thực thi..., với sự kết hợp lý thuyết và thực hành về điều mà Nhà quản trị CSDL Oracle 9i cần biết, để sử dụng CSDL Oracle 9i một cách hiệu quả từ chính bộ sách này. Tập 1 đề cập các kiến thức cơ bản về CSDL, mô hình dữ liệu. Bạn sẽ được biết về hệ quản trị CSDL Oracle 9i, tạo CSDL, kết nối và quản lý người dùng 
650 |a Oracle (ngôn ngữ chương trình máy tính),Oracle (computer program language) 
910 |b dqhieu 
980 |a Trung tâm Học liệu Trường Đại học Cần Thơ